| 000 -ლიდერი |
| ფიქსირებული სიგრძის საკონტროლო ველი |
00960nam a22001577a 4500 |
| 003 - საკონტროლო ნომრის იდენტიფიკატორი |
| საკონტროლო ველი |
Ge_BSU |
| 005 - ბოლო ოპერაციის თარიღი და დრო |
| საკონტროლო ველი |
20241230170130.0 |
| 008 - ფიქსირებული სიგრძის მონაცემთა ელემენტები - ზოგადი ინფორმაცია |
| ფიქსირებული სიგრძის საკონტროლო ველი |
241230s1952 ge ||||| |||| 00| 0 geo d |
| 041 ## - ენის კოდი |
| Language code of text/sound track or separate title |
geo |
| 080 ## - უნივერსალური ათობითი კლასიფიკაციის ინდექსი |
| Universal Decimal Classification number |
612.83 ჯ-14 |
| 100 ## - მთავარი ჩანაწერი - პიროვნების სახელი |
| Personal name |
ჯავახიშვილი-კომახიძე, ნ. |
| 9 (RLIN) |
24044 |
| 245 ## - ცნობა სათაურის შესახებ |
| Title |
ზურგის ტვინის ნერვული წნულებისა და სიმპათიკური წველის ფორმა და ურთიერთობა / |
| Statement of responsibility, etc |
ნ. ჯავახიშვილი-კომახიძე ; საქ. მეცნიერებათა აკადემია. ექსპერიმენტული მორფოლოგიის ინსტიტუტი. |
| 264 ## - წარმოების, გამოცემის, დისტრიბუციის და სხვა ცნობები |
| გამოცემის, წარმოების, დისტრიბუციის... ადგილი |
თბ. : |
| გამოცემის, წარმოების, დისტრიბუციის... სახელწოდება |
საქ. მეც. აკად. გამ-ბა და სტ., |
| გამოცემის, წარმოების, დისტრიბუციის... თარიღი |
1952. |
| 300 ## - ფიზიკური აღწერა |
| Extent |
292 გვ. : |
| Other physical details |
ნახ. ; |
| Dimensions |
25 სმ. |
| 942 ## - ADDED ENTRY ELEMENTS (KOHA) |
| Source of classification or shelving scheme |
|
| Koha item type |
წიგნი |